<?xml version="1.0" encoding="UTF-8"?>
<record
    xmlns:xsi="http://www.w3.org/2001/XMLSchema-instance"
    xsi:schemaLocation="http://www.loc.gov/MARC21/slim http://www.loc.gov/standards/marcxml/schema/MARC21slim.xsd"
    xmlns="http://www.loc.gov/MARC21/slim">

  <leader>00605nam a22002177a 4500</leader>
  <controlfield tag="005">20230603123351.0</controlfield>
  <controlfield tag="008">230102b        |||||||| |||| 00| 0 eng d</controlfield>
  <datafield tag="020" ind1=" " ind2=" ">
    <subfield code="a">9789351522010</subfield>
  </datafield>
  <datafield tag="041" ind1=" " ind2=" ">
    <subfield code="a">eng.</subfield>
  </datafield>
  <datafield tag="082" ind1=" " ind2=" ">
    <subfield code="a">610.733</subfield>
    <subfield code="b">KAU</subfield>
  </datafield>
  <datafield tag="100" ind1=" " ind2=" ">
    <subfield code="a">NAVDEP KAUR</subfield>
    <subfield code="9">106146</subfield>
  </datafield>
  <datafield tag="110" ind1=" " ind2=" ">
    <subfield code="a">HC RAWAT</subfield>
    <subfield code="9">106047</subfield>
  </datafield>
  <datafield tag="245" ind1=" " ind2=" ">
    <subfield code="a">TEXTBOOK OF ADVANCED NURSING PRATICE9AS PER THE SYLLABUS OF INC FOR MSC  STUDENTS</subfield>
  </datafield>
  <datafield tag="250" ind1=" " ind2=" ">
    <subfield code="a">1ed.</subfield>
  </datafield>
  <datafield tag="260" ind1=" " ind2=" ">
    <subfield code="a">NAGPUR</subfield>
    <subfield code="b">JAYPEE PUBLICATION</subfield>
    <subfield code="c">2015</subfield>
  </datafield>
  <datafield tag="300" ind1=" " ind2=" ">
    <subfield code="a">1106</subfield>
  </datafield>
  <datafield tag="365" ind1=" " ind2=" ">
    <subfield code="a">1495</subfield>
    <subfield code="b">RS.</subfield>
  </datafield>
  <datafield tag="942" ind1=" " ind2=" ">
    <subfield code="c">BK</subfield>
  </datafield>
  <datafield tag="999" ind1=" " ind2=" ">
    <subfield code="c">83729</subfield>
    <subfield code="d">83729</subfield>
  </datafield>
  <datafield tag="650" ind1=" " ind2=" ">
    <subfield code="a">NURSING FOUNDATION</subfield>
    <subfield code="9">181726</subfield>
  </datafield>
  <datafield tag="952" ind1=" " ind2=" ">
    <subfield code="0">0</subfield>
    <subfield code="1">0</subfield>
    <subfield code="2">ddc</subfield>
    <subfield code="4">0</subfield>
    <subfield code="7">0</subfield>
    <subfield code="a">SNCN</subfield>
    <subfield code="b">SNCN</subfield>
    <subfield code="d">2022-12-06</subfield>
    <subfield code="e">sS R. PUBLICATION AND DISTRIBUTION</subfield>
    <subfield code="g">1495.00</subfield>
    <subfield code="l">9</subfield>
    <subfield code="o">610.733 KAU</subfield>
    <subfield code="p">SNCN-BK-3020</subfield>
    <subfield code="r">2025-11-15 14:51:12</subfield>
    <subfield code="s">2025-11-04</subfield>
    <subfield code="v">934.00</subfield>
    <subfield code="w">0000-00-00</subfield>
    <subfield code="y">BK</subfield>
    <subfield code="z">3020</subfield>
  </datafield>
  <datafield tag="952" ind1=" " ind2=" ">
    <subfield code="0">0</subfield>
    <subfield code="1">0</subfield>
    <subfield code="2">ddc</subfield>
    <subfield code="4">0</subfield>
    <subfield code="7">0</subfield>
    <subfield code="a">SNCN</subfield>
    <subfield code="b">SNCN</subfield>
    <subfield code="d">2022-12-06</subfield>
    <subfield code="e">sS R. PUBLICATION AND DISTRIBUTION</subfield>
    <subfield code="g">1495.00</subfield>
    <subfield code="l">2</subfield>
    <subfield code="o">610.733 KAU</subfield>
    <subfield code="p">SNCN-BK-3021</subfield>
    <subfield code="q">2025-07-16</subfield>
    <subfield code="r">2025-07-01 00:00:00</subfield>
    <subfield code="s">2025-07-01</subfield>
    <subfield code="v">934.00</subfield>
    <subfield code="w">0000-00-00</subfield>
    <subfield code="y">BK</subfield>
    <subfield code="z">3021</subfield>
  </datafield>
  <datafield tag="952" ind1=" " ind2=" ">
    <subfield code="0">0</subfield>
    <subfield code="1">0</subfield>
    <subfield code="2">ddc</subfield>
    <subfield code="4">0</subfield>
    <subfield code="7">0</subfield>
    <subfield code="a">SNCN</subfield>
    <subfield code="b">SNCN</subfield>
    <subfield code="d">2022-12-06</subfield>
    <subfield code="e">sS R. PUBLICATION AND DISTRIBUTION</subfield>
    <subfield code="g">1495.00</subfield>
    <subfield code="l">2</subfield>
    <subfield code="o">610.733 KAU</subfield>
    <subfield code="p">SNCN-BK-3022</subfield>
    <subfield code="r">2024-01-04 00:00:00</subfield>
    <subfield code="s">2024-01-01</subfield>
    <subfield code="v">934.00</subfield>
    <subfield code="w">0000-00-00</subfield>
    <subfield code="y">BK</subfield>
    <subfield code="z">3022</subfield>
  </datafield>
  <datafield tag="952" ind1=" " ind2=" ">
    <subfield code="0">0</subfield>
    <subfield code="1">0</subfield>
    <subfield code="2">ddc</subfield>
    <subfield code="4">0</subfield>
    <subfield code="7">0</subfield>
    <subfield code="a">SNCN</subfield>
    <subfield code="b">SNCN</subfield>
    <subfield code="d">2022-12-06</subfield>
    <subfield code="e">sS R. PUBLICATION AND DISTRIBUTION</subfield>
    <subfield code="g">1495.00</subfield>
    <subfield code="l">3</subfield>
    <subfield code="o">610.733 KAU</subfield>
    <subfield code="p">SNCN-BK-3023</subfield>
    <subfield code="r">2024-07-15 00:00:00</subfield>
    <subfield code="s">2024-06-11</subfield>
    <subfield code="v">934.00</subfield>
    <subfield code="w">0000-00-00</subfield>
    <subfield code="y">BK</subfield>
    <subfield code="z">3023</subfield>
  </datafield>
  <datafield tag="952" ind1=" " ind2=" ">
    <subfield code="0">0</subfield>
    <subfield code="1">0</subfield>
    <subfield code="2">ddc</subfield>
    <subfield code="4">0</subfield>
    <subfield code="7">0</subfield>
    <subfield code="a">SNCN</subfield>
    <subfield code="b">SNCN</subfield>
    <subfield code="d">2022-12-06</subfield>
    <subfield code="e">sS R. PUBLICATION AND DISTRIBUTION</subfield>
    <subfield code="g">1495.00</subfield>
    <subfield code="l">7</subfield>
    <subfield code="o">610.733 KAU</subfield>
    <subfield code="p">SNCN-BK-3024</subfield>
    <subfield code="r">2025-02-18 00:00:00</subfield>
    <subfield code="s">2025-02-03</subfield>
    <subfield code="v">934.00</subfield>
    <subfield code="w">0000-00-00</subfield>
    <subfield code="y">BK</subfield>
    <subfield code="z">3024</subfield>
  </datafield>
  <datafield tag="952" ind1=" " ind2=" ">
    <subfield code="0">0</subfield>
    <subfield code="1">0</subfield>
    <subfield code="2">ddc</subfield>
    <subfield code="4">0</subfield>
    <subfield code="7">0</subfield>
    <subfield code="a">SNCN</subfield>
    <subfield code="b">SNCN</subfield>
    <subfield code="d">2022-12-06</subfield>
    <subfield code="e">S R. PUBLICATION AND DISTRIBUTION</subfield>
    <subfield code="g">1495.00</subfield>
    <subfield code="l">5</subfield>
    <subfield code="o">610.733 KAU</subfield>
    <subfield code="p">SNCN-BK-3025</subfield>
    <subfield code="q">2026-04-24</subfield>
    <subfield code="r">2026-03-25 12:24:17</subfield>
    <subfield code="s">2026-03-25</subfield>
    <subfield code="v">934.00</subfield>
    <subfield code="w">0000-00-00</subfield>
    <subfield code="y">BK</subfield>
    <subfield code="z">3025</subfield>
  </datafield>
  <datafield tag="952" ind1=" " ind2=" ">
    <subfield code="0">0</subfield>
    <subfield code="1">0</subfield>
    <subfield code="2">ddc</subfield>
    <subfield code="4">0</subfield>
    <subfield code="7">0</subfield>
    <subfield code="a">SNCN</subfield>
    <subfield code="b">SNCN</subfield>
    <subfield code="d">2022-12-06</subfield>
    <subfield code="e">sS R. PUBLICATION AND DISTRIBUTION</subfield>
    <subfield code="g">1495.00</subfield>
    <subfield code="l">1</subfield>
    <subfield code="o">610.733 KAU</subfield>
    <subfield code="p">SNCN-BK-3026</subfield>
    <subfield code="r">2023-11-21 00:00:00</subfield>
    <subfield code="s">2023-11-01</subfield>
    <subfield code="v">934.00</subfield>
    <subfield code="w">0000-00-00</subfield>
    <subfield code="y">BK</subfield>
    <subfield code="z">3026</subfield>
  </datafield>
  <datafield tag="952" ind1=" " ind2=" ">
    <subfield code="0">0</subfield>
    <subfield code="1">0</subfield>
    <subfield code="2">ddc</subfield>
    <subfield code="4">0</subfield>
    <subfield code="7">0</subfield>
    <subfield code="a">SNCN</subfield>
    <subfield code="b">SNCN</subfield>
    <subfield code="d">2022-12-06</subfield>
    <subfield code="e">sS R. PUBLICATION AND DISTRIBUTION</subfield>
    <subfield code="g">1495.00</subfield>
    <subfield code="l">6</subfield>
    <subfield code="m">2</subfield>
    <subfield code="o">610.733 KAU</subfield>
    <subfield code="p">SNCN-BK-3027</subfield>
    <subfield code="r">2025-11-12 12:42:07</subfield>
    <subfield code="s">2025-11-06</subfield>
    <subfield code="v">934.00</subfield>
    <subfield code="w">0000-00-00</subfield>
    <subfield code="y">BK</subfield>
    <subfield code="z">3027</subfield>
  </datafield>
  <datafield tag="952" ind1=" " ind2=" ">
    <subfield code="0">0</subfield>
    <subfield code="1">0</subfield>
    <subfield code="2">ddc</subfield>
    <subfield code="4">0</subfield>
    <subfield code="7">0</subfield>
    <subfield code="a">SNCN</subfield>
    <subfield code="b">SNCN</subfield>
    <subfield code="d">2022-12-06</subfield>
    <subfield code="e">sS R. PUBLICATION AND DISTRIBUTION</subfield>
    <subfield code="g">1495.00</subfield>
    <subfield code="o">610.733 KAU</subfield>
    <subfield code="p">SNCN-BK-3028</subfield>
    <subfield code="r">2023-05-05 00:00:00</subfield>
    <subfield code="v">934.00</subfield>
    <subfield code="w">0000-00-00</subfield>
    <subfield code="y">BK</subfield>
    <subfield code="z">3028</subfield>
  </datafield>
  <datafield tag="952" ind1=" " ind2=" ">
    <subfield code="0">0</subfield>
    <subfield code="1">0</subfield>
    <subfield code="2">ddc</subfield>
    <subfield code="4">0</subfield>
    <subfield code="7">0</subfield>
    <subfield code="a">SNCN</subfield>
    <subfield code="b">SNCN</subfield>
    <subfield code="d">2022-12-06</subfield>
    <subfield code="e">sS R. PUBLICATION AND DISTRIBUTION</subfield>
    <subfield code="g">1495.00</subfield>
    <subfield code="l">3</subfield>
    <subfield code="m">1</subfield>
    <subfield code="o">610.733 KAU</subfield>
    <subfield code="p">SNCN-BK-3029</subfield>
    <subfield code="r">2025-05-05 00:00:00</subfield>
    <subfield code="s">2025-05-03</subfield>
    <subfield code="v">934.00</subfield>
    <subfield code="w">0000-00-00</subfield>
    <subfield code="y">BK</subfield>
    <subfield code="z">3029</subfield>
  </datafield>
</record>
